000 00592nam a2200181Ia 4500
003 GCL
008 140319s9999 xx 000 0 ara d
040 _aGCL /
_cGCL
082 0 4 _aق
_b962.048
_bم م
100 1 _aمصطفى امين
245 1 0 _aمن واحد لعشرة /
_cمصطفى امين
300 _a383 ص
490 _aالهيئة العامة للاستعلامات
_v0
650 0 4 _aسعد زغلول
650 0 4 _aمصر - تاريخ - العصر الحديث - ثورة 1919
650 0 4 _aمصر - تاريخ - العصر الحديث (1805 - 1956 )
942 _2ddc
_cBK
999 _c48518
_d48518